The Ramayana : a shortened modern prose version of the Indian epic
Saved in:
| Main Author: | |
|---|---|
| Format: | Book |
| Language: | Greek |
| Published: |
London :
Penguin Books,
1972
|
| Subjects: | |
| Tags: |
Add Tag
No Tags, Be the first to tag this record!
|
MARC
| LEADER | 00000cam a2200000 i 4500 | ||
|---|---|---|---|
| 001 | 1/84537 | ||
| 008 | 981006s1972 gre d | ||
| 020 | |a 0-14-018700-6 | ||
| 035 | |l 10034465 | ||
| 040 | |a GR-MY-UA |b gre |e aacr | ||
| 041 | 0 | |a gre | |
| 082 | 0 | |a 823 | |
| 100 | 1 | |a Narayan, R. K., |d 1906-2001. | |
| 245 | 1 | 4 | |a The Ramayana : |b a shortened modern prose version of the Indian epic / |c R.K. Narayan |
| 260 | |a London : |b Penguin Books, |c 1972 | ||
| 300 | |a 171 p. | ||
| 650 | 0 | 0 | |a Indic fiction (English) |
| 852 | |a INST |b RHODES |e 19981006 |h 823 NAR |p 005400006751 |q 005400006751 |t BK |y 0 | ||
| 909 | |a Ρ |b 049049 |c 1996 | ||
| 922 | |a 4ΕΛΗ |b 199611 |c ΤΣΟΥΤΣΟΥΛΟΠΟΥΛΟΥ |d LEADER | ||